000 00515nam a2200181Ia 4500
005 20250326123454.0
008 250326s9999 xx 000 0 und d
037 _aTextbook
040 _aFMSL
_beng
_cFMSL
041 _aeng
_2eng
084 _aX:8F P6
_qFMSL
100 _aSinghvi N M
245 0 _aManagement accounting :text and cases
_cSinghvi N M; Bodhanwala R J
260 _aNew Delhi
_bNew Delhi, Prentice-Hall
_c2006
300 _a498p
942 _cTB
_hX:8F P6
999 _c1269504
_d1269504